书目信息 |
| 书名: | The Easy Access Handbook | |
| 作者: | Keene,Michael. | |
| 分册号: | ||
| 分册名: | 出版地: | London : |
|
| 出版社: | Mayfield Pub.Com | |
| 出版时间: | 1996. | |
| 页数: | 414 p. ; | |
| 开本: | 20cm. | |
| 丛书名: | ||
| 中图分类号: | ||
| 科图分类号: | ||
| 其他分类号: | H315 | |
| 主题词: | ||
| 电子资源: | ||
| 000 | 00427nam 2200145 a 4500 | |
| 001 | E0437566585 | |
| 005 | 2004121510260640 | |
| 008 | 041215s1996 00010 eng | |
| 020 | @a1-55934-431-8 :@cRMB 12.00. | |
| 040 | @aPFT@beng | |
| 090 | @aH315 | |
| 099 | @dH315@eK26 | |
| 245 | @aThe Easy Access Handbook :@bA Writert's Fuide and Reference / @cKeene,Michael. | |
| 260 | @aLondon :@bMayfield Pub.Com.,@c1996. | |
| 300 | @a414 p. ;@c20cm. | |
| The Easy Access Handbook : : A Writert's Fuide and Reference / / Keene,Michael.-London : : Mayfield Pub.Com., , 1996. |
| 414 p. ; ; 20cm. |
| ISBN 1-55934-431-8 :RMB 12.00. |
| ● |
| 相关链接 |
|
|
|
正题名:The Easy Access Handbook
索取号:H315/K26
 
预约/预借
| 序号 | 登录号 | 条形码 | 馆藏地/架位号 | 状态 | 备注 |
| 1 | 04427 | 300044271 | 语言库209/209语言库 37排1列3层/ [索取号:H315/K26] | 在馆 | |
| 2 | 04428 | 300044280 | 语言库209/209语言库 37排1列3层/ [索取号:H315/K26] | 在馆 |